000 00742nam a2200217Ia 4500
001 4404
003 GE_BSU
008 181216s||||||||xx |||||||||||||| ||und||
040 _cGE_BSU
080 _a621.643+621.312
100 _aРабинович,З.Я.
245 _aЭлектроснабжение и электрооборудование магистральных газопроводов.
245 _cРед. А.В. Куликова.
260 _aМ.
260 _bНедра.
260 _c1976.
300 _a256 стр. 20 см.
300 _e46 табл. ил.94.
653 _aЭлектроснабжение и электрооборудование магистральных газопроводов.
942 _cBK
999 _c38394
_d38394